000 01743nam a2200253Ia 4500
999 _c56011
_d56011
001 23111
003 GE_BSU
005 20221215154636.0
008 181216s1975ge xx |||||||||||||| ||geo||
040 _cGE_BSU
041 _ageo
080 _a821.222.1-391+ 821.222.1.03=353.1 ქ-32
245 _aქილილა და დამანა :
_bიგავ-არაკების კრებული /
_cსპარს. თარგმნილი მეფე ვახტანგ მეექვსისა და სულხან-საბა ორბელიანის მიერ ; ტექსტი დაადგინა, შესავალი კომენტარები და ლექსიკონი დაურთო მ. თოდუამ. რედ. ჯ. ლომაშვილი
264 _aთბილისი :
_bმერანი,
_c1975.
300 _a1058გვ. :
_b15ფ. ილ. ;
_c22სმ.
501 _aლექსიკონი გვ. 1007-1039. საძიებელი გვ.: 1045-1053.
653 _aიგავ-არაკების კრებული
653 _aქილილა და დამანა
700 _aმეფე ვახტანგ მეექვსისა
_916442
700 _aსულხან-საბა ორბელიანი
_eსპარსულიდან თარგმნილი
_916443
700 _aთოდუა, მ
_eტექსტი დაადგინა, შესავალი კომენტარები და ლექსიკონი დაურთო
_94208
700 _aლომაშვილი, ჯ
_eრედაქტორი
_97525
942 _cBK
_2udc